Lecciones sobre interpolación /
Guardado en:
| Autor Principal: | |
|---|---|
| Formato: | Libro |
| Idioma: | Spanish |
| Publicado: |
[Buenos Aires] :
Universidad de Buenos Aires, Facultad de Ciencias Exactas y Naturales, Departamento de Matemáticas,
1969.
|
| Series: | Cursos y seminarios de matemática ;
fasc. 23 |
| Etiquetas: |
Agregar Etiqueta
Sin Etiquetas, Sea el primero en etiquetar este registro!
|
| LEADER | 00734nam a22001815a 4500 | ||
|---|---|---|---|
| 001 | MAT.inmabb001783 | ||
| 008 | 031217s1969####ag#a#####b####000#0#spa#d | ||
| 005 | 20170622130339.0 | ||
| 245 | 1 | 0 | |a Lecciones sobre interpolación / |c P. Kree. |
| 260 | |a [Buenos Aires] : |b Universidad de Buenos Aires, Facultad de Ciencias Exactas y Naturales, Departamento de Matemáticas, |c 1969. | ||
| 300 | |a 97 p. : |b il. ; |c 27 cm. | ||
| 440 | 0 | |a Cursos y seminarios de matemática ; |v fasc. 23 | |
| 500 | |a Notas de un curso dictado en el 2º semestre de 1965 en la Facultad. | ||
| 504 | |a Bibliografía: p. [9]-14. | ||
| 100 | 1 | |a Krée, Paul. | |
| 084 | |a 46-XX |2 msc2000 | ||
| 859 | |h 46 |i K92l |p A-3179 |b BIB. MATEMATICA | ||
| 859 | |h 46 |i K92l |p A-3451 |t Ej. 2 |b BIB. MATEMATICA | ||
